000 00672nam a2200265Ia 4500
005 20260302115412.0
008 008 260114s9999 xx 000 0 eng d
020 _a9781350480032
037 _aTextbook
040 _aCRL
040 _beng
040 _cCRL
041 _2eng
041 _aeng
084 _qCRL
100 _aJulian Lovelock
_91121517
245 0 _aDonne: Songs and Sonnets
260 _bBloomsbury
260 _bBloomsbury Academic
260 _c1973
650 _aLiterary Studies
856 _uhttps://doi.org/10.1007/978-1-349-89085-9?locatt=label:secondary_bloomsburyCollections
942 _cEBOOK
999 _c1686090
_d1686090